<?xml version="1.0" encoding="UTF-8"?>
<record
    xmlns:xsi="http://www.w3.org/2001/XMLSchema-instance"
    xsi:schemaLocation="http://www.loc.gov/MARC21/slim http://www.loc.gov/standards/marcxml/schema/MARC21slim.xsd"
    xmlns="http://www.loc.gov/MARC21/slim">

  <leader>01261nas a2200241 a 4500</leader>
  <controlfield tag="005">20250611114719.0</controlfield>
  <controlfield tag="007">ta</controlfield>
  <controlfield tag="008">180323e2000    dr q  p|r    ||00 | spa d</controlfield>
  <datafield tag="040" ind1=" " ind2=" ">
    <subfield code="a">DO-SdBNP</subfield>
    <subfield code="c">DO-SdBNP</subfield>
    <subfield code="e">rda</subfield>
  </datafield>
  <datafield tag="041" ind1=" " ind2=" ">
    <subfield code="h">spa</subfield>
  </datafield>
  <datafield tag="111" ind1=" " ind2=" ">
    <subfield code="a">Encuentro Justicia y Prensa.</subfield>
    <subfield code="c">Santo Domingo, Rep&#xFA;blica Dominicana</subfield>
    <subfield code="d">2000</subfield>
    <subfield code="9">87538</subfield>
  </datafield>
  <datafield tag="245" ind1=" " ind2="0">
    <subfield code="a">Justicia y raz&#xF3;n : </subfield>
    <subfield code="b">primera conferencia del Poder Judicial.</subfield>
  </datafield>
  <datafield tag="264" ind1=" " ind2=" ">
    <subfield code="a">Santo Domingo, Rep&#xFA;blica Dominicana : </subfield>
    <subfield code="b">Escuela Nacional de la Judicatura, </subfield>
    <subfield code="c">2000.</subfield>
  </datafield>
  <datafield tag="300" ind1=" " ind2=" ">
    <subfield code="a">volumen : </subfield>
    <subfield code="b">ilustraciones, fotograf&#xED;as ; </subfield>
    <subfield code="c">28 cm.</subfield>
  </datafield>
  <datafield tag="310" ind1=" " ind2=" ">
    <subfield code="a">Trimestral </subfield>
  </datafield>
  <datafield tag="336" ind1=" " ind2=" ">
    <subfield code="a">texto </subfield>
    <subfield code="b">txt </subfield>
    <subfield code="2">rdacontent</subfield>
  </datafield>
  <datafield tag="337" ind1=" " ind2=" ">
    <subfield code="a">sin mediaci&#xF3;n </subfield>
    <subfield code="b">n </subfield>
    <subfield code="2">rdamedia</subfield>
  </datafield>
  <datafield tag="338" ind1=" " ind2=" ">
    <subfield code="a">volumen</subfield>
    <subfield code="b">nc</subfield>
    <subfield code="2">rdacarrier</subfield>
  </datafield>
  <datafield tag="362" ind1=" " ind2=" ">
    <subfield code="a">A&#xF1;o 1. No. 1. Septiembre 2000.</subfield>
  </datafield>
  <datafield tag="520" ind1=" " ind2=" ">
    <subfield code="a">Desde el punto de vista teleol&#xF3;gico, la creaci&#xF3;n de las instituciones viene a fungir como punto de partida para consecuci&#xF3;n de todo aquello que tienda a la perfecci&#xF3;n hol&#xED;stica de la grey humana en la faz de la tierra, a sabiendas de que tanto el hombre como la mujer tienen como designio la b&#xFA;squeda de la felicidad, tras enmarcar sus actos dentro de la esfera del bien. </subfield>
  </datafield>
  <datafield tag="650" ind1=" " ind2="0">
    <subfield code="a">Justicia</subfield>
    <subfield code="9">46174</subfield>
    <subfield code="v">Publicaciones peri&#xF3;dicas </subfield>
    <subfield code="z">Rep&#xFA;blica Dominicana</subfield>
  </datafield>
  <datafield tag="942" ind1=" " ind2=" ">
    <subfield code="2">ddc</subfield>
    <subfield code="c">ISSUE</subfield>
  </datafield>
  <datafield tag="952" ind1=" " ind2=" ">
    <subfield code="0">0</subfield>
    <subfield code="1">0</subfield>
    <subfield code="2">ddc</subfield>
    <subfield code="4">0</subfield>
    <subfield code="5">6</subfield>
    <subfield code="7">0</subfield>
    <subfield code="8">SE</subfield>
    <subfield code="a">BNPHU</subfield>
    <subfield code="b">BNPHU</subfield>
    <subfield code="d">2025-04-25</subfield>
    <subfield code="h">A&#xF1;o 1. No. 1. Septiembre 2000.</subfield>
    <subfield code="l">0</subfield>
    <subfield code="p">2025-3699</subfield>
    <subfield code="r">2025-04-25</subfield>
    <subfield code="t">e.1</subfield>
    <subfield code="w">2025-04-25</subfield>
    <subfield code="y">ISSUE</subfield>
    <subfield code="z">Primera Conferencia del Poder Judicial.</subfield>
  </datafield>
  <datafield tag="952" ind1=" " ind2=" ">
    <subfield code="0">0</subfield>
    <subfield code="1">0</subfield>
    <subfield code="2">ddc</subfield>
    <subfield code="4">0</subfield>
    <subfield code="5">6</subfield>
    <subfield code="7">0</subfield>
    <subfield code="8">SE</subfield>
    <subfield code="a">BNPHU</subfield>
    <subfield code="b">BNPHU</subfield>
    <subfield code="d">2025-04-25</subfield>
    <subfield code="h">A&#xF1;o 1. No. 1. Septiembre 2000.</subfield>
    <subfield code="l">0</subfield>
    <subfield code="p">2025-3700</subfield>
    <subfield code="r">2025-04-25</subfield>
    <subfield code="t">e.2</subfield>
    <subfield code="w">2025-04-25</subfield>
    <subfield code="y">ISSUE</subfield>
    <subfield code="z">Primera Conferencia del Poder Judicial.</subfield>
  </datafield>
  <datafield tag="999" ind1=" " ind2=" ">
    <subfield code="c">46267</subfield>
    <subfield code="d">46267</subfield>
  </datafield>
</record>
